Język Angielski słownictwo B1 cz.2 - Statystyki

Ogólne statystyki
  • Ten quiz został rozwiązany 32 razy
  • Średni wynik to 5 z 18
Statystyki odpowiedzi
Hint Odpowiedź % Poprawnych
usunąć delete
88%
bezprzewodowy wireless
54%
sprzęt equipment
38%
pozbyć sie get rid of
35%
dysk twardy hard drive
31%
niezawodny,solidny reliable
31%
dobrze wykonany well-made
31%
szkodzić harm
27%
odłączyć disconnect
23%
innowacyjny innovative
23%
przycisk zasilania power switch
19%
przyjazny dla środowiska environmentally friendly
15%
opakowanie packaging
15%
aparat drukujący zdjęcia instant camera
12%
natychmiast right away
12%
samorównoważący się self-balancing
12%
przenieść transfer
12%
nośnik danych storage device
8%
Nie znaleziono quizów pasujących do podanych kryteriów
Rozkład punktacji
Procent ludzi z każdym wynikiem
Percentyl według liczby udzielonych odpowiedzi
Twoja historia wyników
Nie rozwiązałeś tego quizu